| 000 | 01963nam a2200253Ia 4500 | ||
|---|---|---|---|
| 005 | 20250714110728.0 | ||
| 008 | 130821k19351937ck a fr 1 spa | ||
| 040 | 0 |
_aCo-BoUCM _bspa _cSandra Yazo _dSandra Yazo |
|
| 041 | 0 | _aspa | |
| 082 | 0 | 4 |
_a330.9861 _220 |
| 092 | _aE54N061 | ||
| 110 | 1 |
_aColombia _bContraloría General de la República _93390 |
|
| 245 |
_aGeografía económica de Colombia _cContraloría General de la República ; _pI. Antioquia ; _pIV Caldas. |
||
| 260 |
_aBogotá (Colombia) _bImprenta Nacional _c1935-1937 |
||
| 300 |
_a2 volumenes (607 ; 189 páginas) _c21 x 16 cm. |
||
| 500 | _aDetalles físicos: Sin encuadernación original, actualmente, encuadernación (holandesa): cartón forrado en papel. Lomo en letras doradas y repujadas. Guardas. Hoja de cortesía. Portada impresa en una sola tinta. Texto impreso en una sola columna, con diferentes tipos y tamaños de letra. Ilustraciones dentro del texto. Tablas, gráficos y cuadros. Mapas plegados. Cortes decorados con jaspeados de color azul. Índice. Fe de erratas. Tapas con raspaduras. Obra incompleta. V.1: ejemplar en buen estado de conservación, V.4: mapa plegado, roto en página 390 | ||
| 505 | 0 | _aV.1: Antioquia: Geografía, topografía y climatología ; Población ; Ocupaciones de la población ; Fuerza utilizada en la producción y en los servicios ; Producción ; Vías de comunicación -- V.4: Caldas: Introducción ; Geografía física ; Geología ; Población ; El desarrollo fiscal ; Vías y transportes ; Proceso de industrialización ; Evolución bancaria ; Economía ganadera ; Crédito agrario ; Economía del café. | |
| 650 | 7 |
_aGeografía económica _zColombia _930957 |
|
| 651 |
_aAntioquia (Colombia) _xGeografía económica _ySiglo XX _9186122 |
||
| 651 | 0 | 4 |
_aCaldas (Colombia) _xGeografía económica _ySiglo XX _9186123 |
| 700 | 1 |
_aGómez, Marco Tulio _9186124 |
|
| 700 | 1 |
_aGarcía, Antonio _984562 |
|
| 942 |
_cLIBRO _a7 _e1 _2LOCAL _hE54N061 |
||
| 999 |
_c325548 _d325548 |
||